Agricultural institutions in SAARC countries (Record no. 44010)

MARC details
000 -LEADER
fixed length control field 00337nam a2200133Ia 4500
082 ## - DEWEY DECIMAL CLASSIFICATION NUMBER
Classification number 061.6:63(058)
Item number CHA
100 ## - MAIN ENTRY--AUTHOR NAME
Personal name Chandel, A S
245 #0 - TITLE STATEMENT
Title Agricultural institutions in SAARC countries
250 ## - EDITION STATEMENT
Edition statement 2
260 ## - PUBLICATION, DISTRIBUTION, ETC. (IMPRINT)
Place of publication Bangladesh
Name of publisher SAIC
Year of publication 1996
700 ## - ADDED ENTRY--PERSONAL NAME
Personal name Kamal, R M
942 ## - ADDED ENTRY ELEMENTS (KOHA)
Koha item type Books
Holdings
Withdrawn status Lost status Damaged status Not for loan Home library Current library Date acquired Source of acquisition Full call number Accession Number Koha item type
        RRII Library RRII Library 16/12/2021 Gift 061.6:63(058) CHA G00758 Books